000 01394cam a2200337 i 4500
999 _c1467
_d1467
001 18447031
003 OSt
005 20221230095358.0
008 150113s2016 mnua j b 001 0 eng c
010 _a 2015000587
020 _a9781491450635
040 _aNJQ/DLC
_beng
_cNJQ
_erda
_dDLC
042 _apcc
082 0 4 _a577.5 RAK
_223
100 1 _aRake, Jody Sullivan,
_eauthor.
245 1 0 _aSoil, silt, and sand :
_blayers of the underground /
_cby Jody Sullivan Rake ; consultant, Susanne Clement, PhD, Assistant Professor, Department of Geology, Kent State University, Kent, Ohio.
264 1 _aNorth Mankato, Minnesota :
_bCapstone Press, a Capstone imprint,
_c[2016]
300 _a24 pages :
_bcolor illustrations ;
_c21 x 22 cm.
336 _atext
_2rdacontent
337 _aunmediated
_2rdamedia
338 _avolume
_2rdacarrier
490 0 _aFirst facts. Underground safari
504 _aIncludes bibliographical references and index.
520 _a"Teaches readers about layers and types of of soil, dirt, and earth underground"--
_cProvided by publisher.
650 0 _aSoil ecology
_vJuvenile literature.
650 0 _aSoils
_vClassification
_vJuvenile literature.
650 0 _aSoils
_vJuvenile literature.
906 _a7
_bcbc
_corignew
_d1
_eecip
_f20
_gy-gencatlg
942 _2ddc
_cNFIC